| 000 | 00652nam a22002177a 4500 | ||
|---|---|---|---|
| 003 | OSt | ||
| 005 | 20131119112847.0 | ||
| 008 | 130522s2011 sp ||||| |||| 00| 0 spa d | ||
| 020 | _a9788430952168 | ||
| 040 | _cCDMR | ||
| 100 | 1 |
_91611 _aLippmann, Walter |
|
| 245 | 1 | 0 |
_aLibertad y prensa _cWalter Lippmann ; traducción, introducción y notas de Hugo Aznar |
| 260 |
_aMadrid _bTecnos _cDL 2011 |
||
| 300 | _a110 p. | ||
| 490 | 0 |
_aClásicos del pensamiento _v62 |
|
| 650 | 0 | 4 |
_93208 _aPeriodisme _xDret i legislació |
| 650 | 0 | 4 |
_91582 _aLlibertat d'impremta |
| 650 | 0 | 4 |
_94353 _aComunicació _xFilosofia |
| 700 | 1 |
_9383 _aAznar, Hugo |
|
| 942 |
_2udc _cMON |
||
| 999 |
_c6288 _d6288 |
||